[Event "Catalunya-chT Gp2"]
[Site "Barcelona"]
[Date "2024.03.02"]
[Round "7.8"]
[White "Serra Canals, Oriol"]
[Black "Travesset Sagre, Jan"]
[Result "0-1"]
[WhiteElo "2158"]
[BlackElo "2193"]
[PlyCount "78"]
[EventDate "2024.01.20"]
[EventType "team-tourn"]
[EventRounds "7"]
[EventCountry "ESP"]
[SourceTitle "CB11_2024"]
[SourceDate "2024.03.13"]
[SourceVersion "1"]
[SourceVersionDate "2024.03.13"]
[SourceQuality "1"]
[WhiteTeam "Vila Olimpica"]
[BlackTeam "Sant Andreu"]
[WhiteTeamCountry "ESP"]
[BlackTeamCountry "ESP"]

1. d4 d5 2. c4 c6 3. Nf3 Nf6 4. cxd5 cxd5 5. Nc3 Nc6 6. Bf4 Bf5 7. Qb3 Na5 8. Qa4+ Bd7 9. Qc2 Rc8 10. e3 b5 11. a3 e6 12. Bd3 Nc4 13. 0-0 Be7 14. h3 0-0 15. Ne5 a6 16. Rfd1 Bc6 17. Qe2 Qb6 18. Rac1 Rfd8 19. Bb1 Nxe5 20. Bxe5 Nd7 21. Bh2 Nf8 22. Bd3 Be8 23. Na2 a5 24. b4 axb4 25. Nxb4 Qa5 26. Qb2 Qa4 27. Ra1 Nd7 28. Rdc1 Nb6 29. Bc7 Nc4 30. Bxc4 Rxc7 31. Bd3 Rdc8 32. Rxc7 Rxc7 33. Rc1 Rxc1+ 34. Qxc1 Bxb4 35. axb4 Qxb4 36. Qc8 Qf8 37. Kf1 b4 38. Qb8 f6 39. Ke2 Bh5+ 0-1

[Event "Catalunya-chT Gp2"]
[Site "Barcelona"]
[Date "2024.01.27"]
[Round "2.7"]
[White "Bosque Ortega, Xavier"]
[Black "Travesset Sagre, Jan"]
[Result "0-1"]
[WhiteElo "2187"]
[BlackElo "2193"]
[PlyCount "98"]
[EventDate "2024.01.20"]
[EventType "team-tourn"]
[EventRounds "7"]
[EventCountry "ESP"]
[SourceTitle "CB06_2024"]
[SourceDate "2024.02.07"]
[SourceVersion "1"]
[SourceVersionDate "2024.02.07"]
[SourceQuality "1"]
[WhiteTeam "Barbera"]
[BlackTeam "Sant Andreu"]
[WhiteTeamCountry "ESP"]
[BlackTeamCountry "ESP"]

1. d4 d5 2. Nf3 Nf6 3. Bf4 e6 4. e3 Bd6 5. Bd3 Bxf4 6. exf4 c5 7. dxc5 Qc7 8. Ne5 Nbd7 9. Nxd7 Bxd7 10. g3 Qxc5 11. Qe2 h5 12. Nd2 Qa5 13. c3 h4 14. Nb3 Qb6 15. Nd4 Rc8 16. 0-0 Kf8 17. g4 Qc7 18. f5 e5 19. Nc2 e4 20. Bb5 Bxb5 21. Qxb5 Nxg4 22. f4 Qc6 23. Qb4+ Qc5+ 24. Qxc5+ Rxc5 25. h3 Nf6 26. Rad1 Rg8 27. Kf2 g5 28. Ke3 g4 29. hxg4 Rxg4 30. Kd4 b6 31. Ke5 Kg7 32. Rg1 d4+ 33. Kd6 Rd5+ 34. Kc6 Rc5+ 35. Kd6 d3 36. Ne3 Rxg1 37. Rxg1+ Kf8 38. c4 Ne8+ 39. Kd7 Nf6+ 40. Kd6 h3 41. b4 Ne8+ 42. Kd7 Rc7+ 43. Kd8 Rc6 44. Rh1 d2 45. Nd5 Rd6+ 46. Kc8 Rxd5 47. cxd5 e3 48. f6 Nxf6 49. d6 e2 0-1

[Event "Sant Adria de Besos op-A 5th"]
[Site "Sant Adria de Besos"]
[Date "2023.08.13"]
[Round "4"]
[White "Travesset Sagre, Jan"]
[Black "Campillo Lopez, Ricardo Bienavent"]
[Result "1-0"]
[WhiteElo "2176"]
[BlackElo "1620"]
[PlyCount "81"]
[EventDate "2023.08.11"]
[EventType "swiss"]
[EventRounds "9"]
[EventCountry "ESP"]
[SourceTitle "EXT 2024"]
[Source "ChessBase"]
[SourceDate "2023.10.10"]
[SourceVersion "1"]
[SourceVersionDate "2023.10.10"]
[SourceQuality "1"]

1. d4 Nf6 2. c4 e5 3. dxe5 Ng4 4. Nf3 Bc5 5. e3 Nc6 6. Bd2 Ngxe5 7. Nxe5 Nxe5 8. b4 Be7 9. Bc3 Bf6 10. Be2 d6 11. Qc2 Be6 12. Nd2 Qd7 13. 0-0 Bg4 14. f3 Bf5 15. e4 Bg6 16. f4 Ng4 17. f5 Ne3 18. Qb2 Bxc3 19. Qxc3 Nxf1 20. Rxf1 f6 21. fxg6 hxg6 22. Qg3 g5 23. Bg4 Qc6 24. Kh1 Ke7 25. Qf3 Rh4 26. Qf5 Rah8 27. Qe6+ Kd8 28. Nf3 R4h7 29. h3 Qe8 30. Qc8+ Ke7 31. Qxc7+ Kf8 32. Nxg5 Qe7 33. Qb8+ Qe8 34. Qxd6+ Qe7 35. Nxh7+ Rxh7 36. e5 Rh6 37. Be6 g5 38. c5 a6 39. Rxf6+ Rxf6 40. exf6 Qxd6 41. cxd6 1-0

[Event "ESP-ch U18"]
[Site "Salobrena"]
[Date "2023.08.02"]
[Round "4"]
[White "Travesset Sagre, Jan"]
[Black "Lobo Pereira, Arami"]
[Result "1-0"]
[WhiteElo "2157"]
[BlackElo "1970"]
[PlyCount "67"]
[EventDate "2023.07.31"]
[EventType "swiss"]
[EventRounds "9"]
[EventCountry "ESP"]
[SourceTitle "CBM 215 Extra"]
[Source "ChessBase"]
[SourceDate "2023.09.30"]
[SourceVersion "1"]
[SourceVersionDate "2023.09.30"]
[SourceQuality "1"]

1. Nf3 d5 2. c4 e6 3. d4 a6 4. Nbd2 dxc4 5. Nxc4 c5 6. dxc5 Qxd1+ 7. Kxd1 Bxc5 8. b4 b5 9. bxc5 bxc4 10. Ne5 Nf6 11. Nxc4 0-0 12. Ba3 Ne4 13. Ke1 Nc6 14. f3 Nc3 15. Nb6 Ra7 16. Bb2 Nd5 17. Nxd5 exd5 18. e3 Be6 19. Kd2 Rb8 20. Bc3 a5 21. Bd3 Rd8 22. Bd4 Nb4 23. Bb5 Rb7 24. Ba4 Rc8 25. a3 Nc6 26. Rhb1 Rbc7 27. Rb6 h5 28. Rab1 g5 29. Ra6 f5 30. Rbb6 Bd7 31. Bxc6 Rxc6 32. Rxa5 g4 33. Ra7 Be8 34. Rbb7 1-0

[Event "ESP-ch U18"]
[Site "Salobrena"]
[Date "2023.08.01"]
[Round "3"]
[White "Diaz Reyes, Franklin"]
[Black "Travesset Sagre, Jan"]
[Result "0-1"]
[WhiteElo "1877"]
[BlackElo "2157"]
[PlyCount "56"]
[EventDate "2023.07.31"]
[EventType "swiss"]
[EventRounds "9"]
[EventCountry "ESP"]
[SourceTitle "CBM 215 Extra"]
[Source "ChessBase"]
[SourceDate "2023.09.30"]
[SourceVersion "1"]
[SourceVersionDate "2023.09.30"]
[SourceQuality "1"]

1. e4 c6 2. d4 d5 3. Nc3 g6 4. exd5 cxd5 5. Bd3 Nc6 6. Nce2 Nb4 7. Bb5+ Bd7 8. Bxd7+ Qxd7 9. c3 Nc6 10. Nf3 Bg7 11. 0-0 e6 12. Re1 Nf6 13. Ng3 0-0 14. Bf4 b5 15. Ne5 Qb7 16. Nd3 Nd7 17. b4 a5 18. a3 Rfe8 19. Bd6 e5 20. dxe5 Ncxe5 21. Nxe5 Nxe5 22. bxa5 Rxa5 23. f4 Qb6+ 24. Qd4 Nf3+ 25. gxf3 Bxd4+ 26. cxd4 Rxe1+ 27. Rxe1 Qxd6 28. Kh1 Qc5 0-1

[Event "Torredembarra op 23rd"]
[Site "Torredembarra"]
[Date "2023.07.08"]
[Round "8"]
[White "Travesset Sagre, Jan"]
[Black "Martinez Pla, Xavier"]
[Result "1/2-1/2"]
[WhiteElo "2157"]
[BlackElo "2268"]
[PlyCount "36"]
[EventDate "2023.07.01"]
[EventType "swiss"]
[EventRounds "9"]
[EventCountry "ESP"]
[SourceTitle "CBM 215 Extra"]
[Source "ChessBase"]
[SourceDate "2023.09.30"]
[SourceVersion "1"]
[SourceVersionDate "2023.09.30"]
[SourceQuality "1"]

1. d4 Nf6 2. c4 e6 3. Nf3 b6 4. g3 Bb7 5. Bg2 Be7 6. 0-0 0-0 7. Re1 Na6 8. a3 c5 9. d5 exd5 10. Nh4 Nc7 11. Nc3 Ne4 12. Nf5 Nxc3 13. bxc3 Bf6 14. Bb2 d6 15. cxd5 g6 16. Nh6+ Kh8 17. e4 Bg7 18. Qd2 c4 1/2-1/2

[Event "ESP-ch U18"]
[Site "Salobrena"]
[Date "2022.08.03"]
[Round "4"]
[White "Crespo Diaz, David"]
[Black "Travesset Sagre, Jan"]
[Result "0-1"]
[WhiteElo "1994"]
[BlackElo "2286"]
[PlyCount "118"]
[EventDate "2022.08.01"]
[EventType "swiss"]
[EventRounds "9"]
[EventCountry "ESP"]
[SourceTitle "EXT 2023"]
[Source "ChessBase"]
[SourceDate "2022.10.05"]
[SourceVersion "1"]
[SourceVersionDate "2022.10.05"]
[SourceQuality "1"]

1. d4 d5 2. c4 c6 3. Nf3 Nf6 4. Nc3 a6 5. c5 Nbd7 6. e3 Qc7 7. b4 g6 8. Bb2 Bg7 9. a4 0-0 10. Be2 e5 11. Nxe5 Nxe5 12. dxe5 Qxe5 13. Qd2 Ne4 14. Nxe4 Qxb2 15. Qxb2 Bxb2 16. Rb1 Be5 17. Ng3 h5 18. Bd3 Bc3+ 19. Kd1 a5 20. b5 Bb4 21. bxc6 bxc6 22. Ne2 Bxc5 23. Rc1 Bb4 24. Rxc6 Bd7 25. Rc7 Bxa4+ 26. Bc2 Bb5 27. Nd4 Bc4 28. Ba4 Rfc8 29. Rxc8+ Rxc8 30. g4 hxg4 31. Rg1 f5 32. h3 g3 33. Rxg3 Kf7 34. h4 Rh8 35. Nf3 Kf6 36. Kc2 Rc8 37. Kd1 Rb8 38. h5 gxh5 39. Nh4 Be7 40. Bd7 d4 41. exd4 Rd8 42. Rc3 Be6 43. Bxe6 Rxd4+ 44. Ke2 Kxe6 45. Ng6 Bd6 46. Rc8 Kf7 47. Nh8+ Kg7 48. Ra8 a4 49. Ke3 Re4+ 50. Kd3 a3 51. f3 Re6 52. Kd4 Bf8 53. f4 Rh6 54. Ke5 h4 55. Kxf5 Rxh8 56. Ra7+ Kg8 57. Ra6 Rh6 58. Ra7 h3 59. Kg5 h2 0-1

[Event "ESP-ch U18"]
[Site "Salobrena"]
[Date "2022.08.01"]
[Round "2"]
[White "Conde Riveiro, Xacobe"]
[Black "Travesset Sagre, Jan"]
[Result "0-1"]
[WhiteElo "1966"]
[BlackElo "2286"]
[PlyCount "54"]
[EventDate "2022.08.01"]
[EventType "swiss"]
[EventRounds "9"]
[EventCountry "ESP"]
[SourceTitle "EXT 2023"]
[Source "ChessBase"]
[SourceDate "2022.10.05"]
[SourceVersion "1"]
[SourceVersionDate "2022.10.05"]
[SourceQuality "1"]

1. e4 c6 2. d4 d5 3. e5 Bf5 4. h4 h5 5. c4 e6 6. Nc3 Ne7 7. Bg5 Qb6 8. Na4 Qc7 9. Nc3 Nd7 10. cxd5 Nxd5 11. Nxd5 cxd5 12. Bd3 Bb4+ 13. Kf1 Bxd3+ 14. Qxd3 Qc4 15. Qxc4 dxc4 16. Nf3 Nb6 17. a3 Be7 18. Bxe7 Kxe7 19. Rc1 Rac8 20. Ke2 f5 21. exf6+ gxf6 22. g3 Rhg8 23. Rhd1 Nd5 24. Nd2 c3 25. Ne4 cxb2 26. Rxc8 Rxc8 27. Kd2 Rc4 0-1

[Event "Barcelona Sant Marti op-A 22nd"]
[Site "Barcelona"]
[Date "2022.07.17"]
[Round "5"]
[White "Marzo Pie, Xavier"]
[Black "Travesset Sagre, Jan"]
[Result "1/2-1/2"]
[WhiteElo "2053"]
[BlackElo "2286"]
[PlyCount "100"]
[EventDate "2022.07.13"]
[EventType "swiss"]
[EventRounds "9"]
[EventCountry "ESP"]
[SourceTitle "CBM 209 Extra"]
[Source "ChessBase"]
[SourceDate "2022.09.30"]
[SourceVersion "1"]
[SourceVersionDate "2022.09.30"]
[SourceQuality "1"]

1. d4 d5 2. c4 c6 3. Nf3 Nf6 4. e3 a6 5. Bd3 dxc4 6. Bxc4 b5 7. Be2 e6 8. 0-0 Nbd7 9. a4 b4 10. b3 Bb7 11. Bb2 c5 12. Nbd2 Be7 13. Nc4 0-0 14. Rc1 Rc8 15. Nfe5 cxd4 16. exd4 a5 17. Bf3 Bd5 18. Re1 Re8 19. h3 Nf8 20. Qe2 Ng6 21. g3 Bf8 22. h4 Nxe5 23. dxe5 Bxf3 24. Qxf3 Nd5 25. Red1 Bc5 26. Bd4 Bxd4 27. Rxd4 Qe7 28. Rcd1 Rc5 29. Kh2 Rf8 30. R1d2 f6 31. exf6 Rxf6 32. Qe4 Qc7 33. f4 g6 34. Ne3 Kg7 35. Nxd5 exd5 36. Rxd5 Rxd5 37. Qxd5 Rf7 38. h5 Re7 39. f5 Qe5 40. fxg6 hxg6 41. hxg6 Kxg6 42. Qf3 Qh5+ 43. Qxh5+ Kxh5 44. Kh3 Re3 45. Rd5+ Kg6 46. Rxa5 Rxb3 47. Kg4 Ra3 48. Ra6+ Kf7 49. a5 b3 50. Rb6 Rxa5 1/2-1/2

[Event "Catalan-ch U10/20"]
[Site "Tarragona"]
[Date "2022.04.12"]
[Round "6"]
[White "Salvans Serra, Arnau"]
[Black "Travesset Sagre, Jan"]
[Result "1/2-1/2"]
[WhiteElo "2179"]
[BlackElo "2278"]
[PlyCount "193"]
[EventDate "2022.04.09"]
[EventType "swiss"]
[EventRounds "9"]
[EventCountry "ESP"]
[SourceTitle "EXT 2023"]
[Source "ChessBase"]
[SourceDate "2022.10.05"]
[SourceVersion "1"]
[SourceVersionDate "2022.10.05"]
[SourceQuality "1"]

1. d4 d5 2. Bf4 c5 3. e3 cxd4 4. exd4 Nc6 5. Nf3 Bg4 6. c3 Rc8 7. Nbd2 Nf6 8. h3 Bxf3 9. Nxf3 Qb6 10. Qb3 e6 11. Ne5 Nd7 12. Nxc6 bxc6 13. Qxb6 Nxb6 14. Ba6 Rd8 15. b4 Kd7 16. b5 c5 17. Bb7 Bd6 18. Bc6+ Kc7 19. dxc5 Bxf4 20. cxb6+ Kxb6 21. Rd1 Kc5 22. Rd4 Bc7 23. Ke2 e5 24. Ra4 Bb6 25. Rd1 g5 26. g3 Rhg8 27. g4 Rh8 28. Rd3 f6 29. h4 gxh4 30. Rh3 h5 31. Rxh4 hxg4 32. Rhxg4 Rdg8 33. Rxg8 Rxg8 34. Rh4 Rg1 35. a4 Ra1 36. Rh7 Ra2+ 37. Kd1 Rxf2 38. Rd7 d4 39. cxd4+ exd4 40. a5 Bxa5 41. Rxa7 Bb4 42. Rd7 Rd2+ 43. Kc1 Rf2 44. Be4 Bd2+ 45. Kd1 Ba5 46. Rd5+ Kc4 47. b6 Bxb6 48. Rf5 Rxf5 49. Bxf5 d3 50. Bh7 Ba5 51. Bg6 Kd4 52. Bh7 Ke3 53. Bg6 Bb4 54. Bh7 Bf8 55. Bg6 Bh6 56. Bh7 Bg5 57. Bg6 d2 58. Bc2 Kf2 59. Bd3 Kf3 60. Bc2 Be3 61. Bd3 Bg5 62. Bc2 Kg4 63. Ke2 f5 64. Bd1 Kg3 65. Bc2 Kg4 66. Bd1 Bh6 67. Bc2 Bf4 68. Bd1 Kg5 69. Kf3 Bd6 70. Bc2 Bc5 71. Ke2 Bb4 72. Kf3 Kf6 73. Kf4 Bf8 74. Ke3 Bh6+ 75. Ke2 Ke5 76. Bd1 Bg5 77. Bc2 Bf4 78. Bd1 Kd4 79. Bc2 Ke5 80. Bd1 Bh6 81. Bc2 Kf6 82. Bd1 Kg6 83. Bc2 Bf4 84. Kf3 Kg5 85. Bd1 Bd6 86. Ke3 Bb4 87. Be2 f4+ 88. Kf3 Bc5 89. Bd1 Kf5 90. Ke2 Be3 91. Kd3 Kg5 92. Bf3 Kh4 93. Ke2 Kh3 94. Bd5 Kg3 95. Be4 Kg4 96. Bf3+ Kf5 97. Kd3 1/2-1/2

[Event "Catalunya-chT Gp1"]
[Site "Barcelona"]
[Date "2022.03.19"]
[Round "9.5"]
[White "Benedetti, Julio"]
[Black "Travesset Sagre, Jan"]
[Result "1/2-1/2"]
[WhiteElo "2255"]
[BlackElo "2233"]
[PlyCount "172"]
[EventDate "2022.01.22"]
[EventType "team-tourn"]
[EventRounds "9"]
[EventCountry "ESP"]
[SourceTitle "CBM 208 Extra"]
[Source "ChessBase"]
[SourceDate "2022.07.31"]
[SourceVersion "1"]
[SourceVersionDate "2022.07.31"]
[SourceQuality "1"]
[WhiteTeam "Mollet"]
[BlackTeam "Sant Andreu"]
[WhiteTeamCountry "ESP"]
[BlackTeamCountry "ESP"]

1. e4 c6 2. d4 d5 3. e5 Bf5 4. h4 h5 5. c4 e6 6. Nc3 Ne7 7. Be2 dxc4 8. Bxc4 Nd5 9. a3 Be7 10. Nf3 Nd7 11. Bg5 Nxc3 12. bxc3 Qa5 13. Qd2 Bxg5 14. hxg5 0-0-0 15. Qe3 Nb6 16. Bb3 c5 17. Nd2 h4 18. Rc1 Kb8 19. 0-0 h3 20. g3 h2+ 21. Kh1 c4 22. Bd1 Bd3 23. Be2 Bg6 24. Bf3 Nd5 25. Bxd5 Qxd5+ 26. f3 Rc8 27. Ne4 Rc6 28. Nc5 Rb6 29. Rf2 Rb5 30. a4 Ra5 31. Rb2 b6 32. Rb4 Qc6 33. Ra1 Ka8 34. Ne4 Rd5 35. Nd6 Bd3 36. Ra2 f6 37. Rxh2 Rxh2+ 38. Kxh2 fxe5 39. dxe5 Qc5 40. Qxc5 bxc5 41. Rb7 Rxd6 42. Rxg7 Rd5 43. f4 Bf5 44. Re7 Rd2+ 45. Kg1 Rd3 46. Kf2 Rxc3 47. g4 Be4 48. g6 Rf3+ 49. Ke2 Rxf4 50. g7 Bh7 51. Re8+ Kb7 52. g8Q Bxg8 53. Rxg8 c3 54. Kd3 Rc4 55. Kc2 Kc6 56. Rd8 Rxa4 57. Rd6+ Kb5 58. Kxc3 Rxg4 59. Rxe6 Rg3+ 60. Kd2 a5 61. Re8 Kc6 62. e6 Rg5 63. e7 Kd7 64. Ra8 Kxe7 65. Rxa5 Kd6 66. Ra4 Rg2+ 67. Kc3 Rg3+ 68. Kd2 Kd5 69. Rh4 Kc6 70. Kc2 Kb5 71. Kb2 Rd3 72. Rg4 Kc6 73. Kc2 Ra3 74. Kb2 Re3 75. Rh4 Kd5 76. Kc2 Ra3 77. Rg4 Rh3 78. Kd2 c4 79. Kc2 Kc5 80. Rg8 Rh2+ 81. Kc3 Rh3+ 82. Kc2 Rh2+ 83. Kc3 Rh3+ 84. Kc2 Rh2+ 85. Kc3 Rh3+ 86. Kc2 Rh2+ 1/2-1/2

[Event "Catalunya-chT Gp1"]
[Site "Barcelona"]
[Date "2022.03.05"]
[Round "7.5"]
[White "Martin Barcelo, Carles"]
[Black "Travesset Sagre, Jan"]
[Result "1-0"]
[WhiteElo "2315"]
[BlackElo "2233"]
[PlyCount "108"]
[EventDate "2022.01.22"]
[EventType "team-tourn"]
[EventRounds "9"]
[EventCountry "ESP"]
[SourceTitle "CBM 208 Extra"]
[Source "ChessBase"]
[SourceDate "2022.07.31"]
[SourceVersion "1"]
[SourceVersionDate "2022.07.31"]
[SourceQuality "1"]
[WhiteTeam "Barcelona Escacs CC"]
[BlackTeam "Sant Andreu"]
[WhiteTeamCountry "ESP"]
[BlackTeamCountry "ESP"]

1. e4 c6 2. d4 d5 3. e5 Bf5 4. c4 Bxb1 5. Rxb1 e6 6. c5 b6 7. b4 a5 8. a3 axb4 9. axb4 b5 10. Bd3 Nd7 11. Ne2 g6 12. h4 h5 13. Nf4 Ne7 14. g4 Bh6 15. gxh5 Bxf4 16. Bxf4 Rxh5 17. Bg5 Qb8 18. Be2 Rh7 19. Ra1 Nf5 20. Bg4 f6 21. exf6 Kf7 22. Rh3 Nxf6 23. Rha3 Rxa3 24. Rxa3 Ne4 25. Qf3 Qh2 26. Bxf5 gxf5 27. Ra7+ Kg6 28. Rxh7 Qg1+ 29. Ke2 Kxh7 30. Qh5+ Kg7 31. Qh6+ Kf7 32. Qh7+ Kf8 33. Qe7+ Kg8 34. Qxe6+ Kg7 35. Qh6+ Kf7 36. Qh7+ Kf8 37. Qxf5+ Kg7 38. Qe5+ Kf7 39. Qe7+ Kg8 40. Qe6+ Kg7 41. Qh6+ Kf7 42. Qh7+ Kf8 43. Bh6+ Ke8 44. Qh8+ Ke7 45. Qg7+ Qxg7 46. Bxg7 Nc3+ 47. Kd2 Na2 48. h5 Kf7 49. h6 Nxb4 50. f4 Na6 51. f5 Kg8 52. Be5 Kh7 53. f6 Kxh6 54. f7 Kh7 1-0

[Event "Catalunya-chT Gp1"]
[Site "Barcelona"]
[Date "2022.02.26"]
[Round "6.6"]
[White "Lerch Gallemi, Jose Maria"]
[Black "Travesset Sagre, Jan"]
[Result "1/2-1/2"]
[WhiteElo "2151"]
[BlackElo "2233"]
[PlyCount "124"]
[EventDate "2022.01.22"]
[EventType "team-tourn"]
[EventRounds "9"]
[EventCountry "ESP"]
[SourceTitle "CBM 208 Extra"]
[Source "ChessBase"]
[SourceDate "2022.07.31"]
[SourceVersion "1"]
[SourceVersionDate "2022.07.31"]
[SourceQuality "1"]
[WhiteTeam "Sant Cugat"]
[BlackTeam "Sant Andreu"]
[WhiteTeamCountry "ESP"]
[BlackTeamCountry "ESP"]

1. e4 c6 2. d3 d5 3. Qe2 dxe4 4. dxe4 e5 5. Nf3 f6 6. Qc4 b5 7. Qb3 Na6 8. c3 Nc5 9. Qc2 Be6 10. Be3 Bd6 11. Be2 Ne7 12. 0-0 0-0 13. Nbd2 a5 14. b4 Na4 15. bxa5 Qxa5 16. c4 Rfd8 17. c5 Qc3 18. Rfc1 Qxc2 19. Rxc2 Bc7 20. Nb3 Kf7 21. Rac1 Ng6 22. Ne1 Nf4 23. Bxf4 exf4 24. Nd3 Be5 25. Nd2 g5 26. Nf3 Bd4 27. Nb4 Bb2 28. Rb1 g4 29. Ne1 Bc3 30. Ned3 Bxb4 31. Nxb4 Rac8 32. f3 Rd4 33. Nd3 Rcd8 34. Nxf4 Rd2 35. Nxe6 Kxe6 36. Rbc1 gxf3 37. Bxf3 Ke5 38. h4 R8d3 39. Kh2 Rxc2 40. Rxc2 Rc3 41. Rd2 Nxc5 42. Rd8 b4 43. Re8+ Kf4 44. e5 fxe5 45. Bxc6 e4 46. h5 h6 47. Rf8+ Ke3 48. Rf6 Rc2 49. Bd5 Kd4 50. Bb3 Nxb3 51. axb3 Rc5 52. Rxh6 e3 53. Rd6+ Kc3 54. g4 Re5 55. Rd1 e2 56. Rg1 Kxb3 57. h6 e1Q 58. Rxe1 Rxe1 59. h7 Re8 60. g5 Kc2 61. g6 b3 62. g7 b2 1/2-1/2

[Event "Catalunya-chT Gp1"]
[Site "Barcelona"]
[Date "2022.01.29"]
[Round "2.5"]
[White "Garcia Castany Musellas, Gal La"]
[Black "Travesset Sagre, Jan"]
[Result "0-1"]
[WhiteElo "2159"]
[BlackElo "2233"]
[PlyCount "128"]
[EventDate "2022.01.22"]
[EventType "team-tourn"]
[EventRounds "9"]
[EventCountry "ESP"]
[SourceTitle "CBM 206 Extra"]
[Source "ChessBase"]
[SourceDate "2022.03.31"]
[SourceVersion "1"]
[SourceVersionDate "2022.03.31"]
[SourceQuality "1"]
[WhiteTeam "Gramenet"]
[BlackTeam "Sant Andreu"]
[WhiteTeamCountry "ESP"]
[BlackTeamCountry "ESP"]

1. e4 c6 2. Nc3 d5 3. Nf3 Bg4 4. h3 Bxf3 5. Qxf3 e6 6. d3 Nd7 7. Bd2 Qb6 8. Be2 Bd6 9. g3 Ne7 10. Nd1 0-0 11. Bf4 Bxf4 12. gxf4 f5 13. e5 Ng6 14. c3 Nh4 15. Qg3 Qd8 16. Rg1 Qe7 17. Ne3 Nxe5 18. Nxd5 cxd5 19. fxe5 f4 20. Qg5 Qxg5 21. Rxg5 f3 22. Bf1 d4 23. Rg4 Nf5 24. Rf4 Rad8 25. Rxf3 Rd5 26. Rf4 Rxe5+ 27. Kd2 Rb5 28. Kc2 e5 29. Re4 Ne3+ 30. fxe3 Rf2+ 31. Be2 Rxe2+ 32. Kd1 Rbxb2 33. exd4 Rxe4 34. dxe4 exd4 35. cxd4 Rb4 36. Kd2 Rxd4+ 37. Ke3 Ra4 38. Rc1 b5 39. Rc2 a5 40. Rf2 g6 41. Kf4 Kf7 42. Ke5+ Ke7 43. Rd2 b4 44. Rc2 Ra3 45. Rc7+ Kd8 46. Rc2 Rxh3 47. Ke6 Rc3 48. Rd2+ Kc7 49. e5 a4 50. Kf7 Rf3+ 51. Ke7 b3 52. axb3 axb3 53. e6 Re3 54. Kf7 Kc6 55. e7 Kc5 56. e8Q Rxe8 57. Kxe8 Kb4 58. Rh2 g5 59. Rxh7 b2 60. Rh1 Kb3 61. Kf7 g4 62. Kf6 g3 63. Kf5 Ka2 64. Kf4 g2 0-1

[Event "ESP-ch U16"]
[Site "Salobrena"]
[Date "2021.07.24"]
[Round "9"]
[White "Garcia Molina, Jose"]
[Black "Travesset Sagre, Jan"]
[Result "1/2-1/2"]
[WhiteElo "1923"]
[BlackElo "2126"]
[PlyCount "60"]
[EventDate "2021.07.19"]
[EventType "swiss"]
[EventRounds "9"]
[EventCountry "ESP"]
[SourceTitle "EXT 2022"]
[Source "ChessBase"]
[SourceDate "2021.10.06"]
[SourceVersion "1"]
[SourceVersionDate "2021.10.06"]
[SourceQuality "1"]

1. d4 d5 2. c4 c6 3. Nc3 Nf6 4. Nf3 dxc4 5. a4 Bf5 6. e3 e6 7. Bxc4 Bb4 8. 0-0 0-0 9. Qe2 Nbd7 10. e4 Bg6 11. e5 Nd5 12. Ne4 Be7 13. a5 a6 14. Rd1 h6 15. Bd2 Qc7 16. Rac1 Rae8 17. Ne1 Qb8 18. Ng3 f5 19. Nd3 Bf7 20. Nxf5 exf5 21. e6 N7f6 22. exf7+ Rxf7 23. Qf3 Bd6 24. Ne5 Bxe5 25. dxe5 Qxe5 26. Bc3 Qe4 27. Qxe4 Rxe4 28. Bxf6 Rxf6 29. Bxd5+ cxd5 30. Rxd5 Rb4 1/2-1/2

[Event "ESP-ch U16"]
[Site "Salobrena"]
[Date "2021.07.21"]
[Round "5"]
[White "Abrisqueta Zudaire, Leyre"]
[Black "Travesset Sagre, Jan"]
[Result "0-1"]
[WhiteElo "1905"]
[BlackElo "2126"]
[PlyCount "60"]
[EventDate "2021.07.19"]
[EventType "swiss"]
[EventRounds "9"]
[EventCountry "ESP"]
[SourceTitle "EXT 2022"]
[Source "ChessBase"]
[SourceDate "2021.10.06"]
[SourceVersion "1"]
[SourceVersionDate "2021.10.06"]
[SourceQuality "1"]

1. e4 c6 2. Nc3 d5 3. Nf3 dxe4 4. Nxe4 Nf6 5. Qe2 Nxe4 6. Qxe4 Nd7 7. Bc4 Nf6 8. Ne5 e6 9. Qe2 b5 10. Bd3 Qc7 11. Nxc6 a6 12. Nd4 Bd6 13. a4 b4 14. Nf5 Be5 15. Nxg7+ Kf8 16. Nh5 Nxh5 17. Qxh5 Bb7 18. Be2 Bxg2 19. Rg1 Rg8 20. d4 Bxh2 21. Bh6+ Ke8 22. 0-0-0 Bxg1 23. Rxg1 Rg6 24. Re1 Be4 25. Bb5+ axb5 26. Rxe4 Qc4 27. Be3 bxa4 28. Qd1 a3 29. b3 Qc3 30. d5 a2 0-1

[Event "ESP-chT Regional U16"]
[Site "Gijon"]
[Date "2021.06.19"]
[Round "5.2"]
[White "Manzanares Lopez, Alejandro"]
[Black "Travesset Sagre, Jan"]
[Result "0-1"]
[WhiteElo "1726"]
[BlackElo "2096"]
[PlyCount "82"]
[EventDate "2021.06.17"]
[EventType "team-swiss"]
[EventRounds "6"]
[EventCountry "ESP"]
[SourceTitle "EXT 2022"]
[Source "ChessBase"]
[SourceDate "2021.10.06"]
[SourceVersion "1"]
[SourceVersionDate "2021.10.06"]
[SourceQuality "1"]
[WhiteTeam "Murcia U16"]
[BlackTeam "Catalunya U16"]
[WhiteTeamCountry "ESP"]
[BlackTeamCountry "ESP"]

1. e4 c6 2. d4 d5 3. Nc3 dxe4 4. Nxe4 Nd7 5. Nf3 Ngf6 6. Nxf6+ Nxf6 7. c3 Bf5 8. Ne5 Be6 9. Bd3 g6 10. h4 Bg7 11. Qe2 Qd5 12. Rg1 Nd7 13. Bf4 Nxe5 14. Bxe5 Bxe5 15. Qxe5 Qxe5+ 16. dxe5 0-0-0 17. Ke2 Rd5 18. f4 Rhd8 19. Be4 Rd2+ 20. Kf3 Rxb2 21. g4 Rdd2 22. Rgf1 Bc4 23. Rfe1 Rxa2 24. f5 a5 25. Kf4 Kc7 26. Rac1 Rh2 27. Rh1 Rxh1 28. Rxh1 Rf2+ 29. Kg5 Re2 30. fxg6 hxg6 31. Bxg6 fxg6 32. Kxg6 Rg2 33. g5 Kd8 34. Kg7 Be2 35. Rh3 b5 36. Re3 a4 37. Re4 a3 38. Rd4+ Kc8 39. Rd2 Bf3 40. Rxg2 Bxg2 41. h5 a2 0-1

[Event "ESP-chT Regional U16"]
[Site "Gijon"]
[Date "2021.06.17"]
[Round "2.2"]
[White "Travesset Sagre, Jan"]
[Black "Ruiz Torrente, Pablo"]
[Result "1-0"]
[WhiteElo "2096"]
[BlackElo "1601"]
[PlyCount "113"]
[EventDate "2021.06.17"]
[EventType "team-swiss"]
[EventRounds "6"]
[EventCountry "ESP"]
[SourceTitle "EXT 2022"]
[Source "ChessBase"]
[SourceDate "2021.10.06"]
[SourceVersion "1"]
[SourceVersionDate "2021.10.06"]
[SourceQuality "1"]
[WhiteTeam "Catalunya U16"]
[BlackTeam "Castilla La Mancha U16"]
[WhiteTeamCountry "ESP"]
[BlackTeamCountry "ESP"]

1. Nf3 c5 2. c4 g6 3. d4 cxd4 4. Nxd4 Bg7 5. e4 d6 6. Nc3 Nc6 7. Be3 Nf6 8. Be2 0-0 9. 0-0 Bd7 10. Rb1 a5 11. Ndb5 Rc8 12. f3 Ne5 13. b3 Bc6 14. Qd2 Re8 15. Rbc1 Ned7 16. Rfd1 Nc5 17. e5 Nfd7 18. exd6 e6 19. Nc7 Rxc7 20. dxc7 Qxc7 21. Qd6 Qc8 22. Qd2 Bf6 23. Bd3 Rd8 24. Qc2 Qb8 25. Ne4 Be7 26. Nxc5 Nxc5 27. Be2 Qe5 28. Rxd8+ Bxd8 29. Qc3 Qh5 30. Rd1 Bc7 31. h3 Nd7 32. Qd4 Bb6 33. Qd2 Bc7 34. Bf4 e5 35. Bg3 Nc5 36. f4 Qf5 37. Bg4 Qf6 38. fxe5 Qe7 39. Bf4 Bb6 40. Be3 Qxe5 41. Bd4 Qd6 42. Qh6 f6 43. Bf2 Qe5 44. Qe3 Qc7 45. Bf3 Bxf3 46. Qxf3 f5 47. Qd5+ Kg7 48. Bd4+ Kh6 49. Kh1 Ne4 50. Be5 Qe7 51. Rf1 Bc7 52. Bf4+ Bxf4 53. Rxf4 Ng3+ 54. Kh2 Nh5 55. Rf3 f4 56. Qd2 Qe5 57. g4 1-0